Border Countries A-Z Quiz Stats

 Plays Quiz Updated Dec 6, 2018

Also try: Border Countries
Challenge
Share
Tweet
Embed
Score 0/24 Timer 04:00
2 Plays Today
Letter Country % Correct
RRussia
89.4%
CChina
87.7%
IIndia and Iran
82.5%
FFrance
81.9%
YYemen
79.6%
QQatar
78.4%
GGermany
76.7%
VVietnam and Venezuela
74%
OOman
73.4%
ZZambia
72%
BBrazil
71.5%
KKazakhstan and Kenya
69.2%
Letter Country % Correct
TTanzania and Turkey
61.9%
EEthiopia
57.9%
HHungary
57.3%
NNiger
55.6%
AAustria
53.4%
JJordan
51.5%
PPoland
50.7%
DDemocratic Republic of the Congo
46.1%
MMali
43.8%
UUkraine
43.2%
SSerbia
40.1%
LLibya
39.8%

You're not logged in!

Compare scores with friends on all Sporcle quizzes.
OR
Log In

You Might Also Like...

Show Comments

Extras

Top Quizzes Today


Score Distribution

Your Account Isn't Verified!

In order to create a playlist on Sporcle, you need to verify the email address you used during registration. Go to your Sporcle Settings to finish the process.

Report this User

Report this user for behavior that violates our Community Guidelines.

Details: